banner-ar

قلب ناصع البياض : (Record no. 62678)

MARC details
000 -الفاتح
حقل البيانات ثابتة الطول 00969nam a22002297a 4500
005 - وقت وتاريخ اخر تعامل مع التسجيلة
رقم الضبط 20240530110601.0
008 - عناصر البيانات ثابتة الطول - معلومات عامة
حقل البيانات ثابتة الطول 160919s2014 ua f | 00| f ara d
017 ## - رقم الايداع القانونى
رقم الايداع القانونى 2013/16393
المصدر ( الهيئة المختصة) مصر . دار الكتب المصرية
020 ## - الرقم الدولى المعيارى للكتب
الرقم الدولى المعيارى للكتاب 9789774485701
040 ## - مصدر الفهرسة
وكالة الفهرسة الأصلية EG-CaGPL
082 04 - رقم تصنيف ديوى العشرى
رقم الطبعة 21
رقم التصنيف 863\
رقم المادة م ق
100 1# - المدخل الرئيسى - إسم شخصى
الإسم الشخصى مارياس ، خابير
245 10 - بيان العنوان
العنوان قلب ناصع البياض :
بقية العنوان رواية /
بيان المسئوليه,etc خابير مارياس ؛ ترجمة و تقديم طلعت شاهين ، عبدالهادى سعدون
260 ## - PUBLICATION, DISTRIBUTION, ETC. (IMPRINT)
تاريخ النشر أو التوزيع 2014 .
300 ## - الوصف المادى
التعداد 367 ص. ؛
أبعاد الوعاء 24 سم .
490 0# - بيان السلسلة
عنوان السلسلة سلسلة الجوائز ؛
رقم المجلد/ التعيين التسلسلي 114
650 04 - المدخل الاضافى بالموضوع-مصطلح موضوعى
مصطلح موضوعي الادب الاسبانى المترجم
650 04 - المدخل الاضافى بالموضوع-مصطلح موضوعى
مصطلح موضوعي القصص الاسبانية المترجمة
700 0# - المدخل الاضافى - اسم شخصى
الإسم الشخصى طلعت شاهين
الدور مترجم و مقدم
700 0# - المدخل الاضافى - اسم شخصى
الإسم الشخصى عبدالهادى سعدون
الدور مترجم و مقدم
942 ## - عناصر المدخل الإضافي( كوها)
مصدر التصنيف او مخطط الترفيف Dewey Decimal Classification
Koha [default] item type كتاب
260 ## - PUBLICATION, DISTRIBUTION, ETC. (IMPRINT)
-- القاهرة :
-- الهيئة المصرية العامة للكتاب ،
Holdings
حالة التراجع حالة الفقد حالة تلف ليس للاعارة المكان المؤقت الموقع الحالى تاريخ الاكتساب اجمالي اﻻعارات رقم الطلب الباركود تاريخ اخر مشاهدة تاريخ تفعيل السعر نوع وعاء كوها
        مكتبة القاهرة الكبرى مكتبة القاهرة الكبرى 09/19/2016   863\ م ق 162480 09/19/2016 09/19/2016 كتاب

Powered By

EGPV